[Event "DVM U20 2018"]
[Site "Osnabrück GER"]
[Date "2018.12.29"]
[Round "6"]
[White "Sabirov, Ramil"]
[Black "Rietschel, Tilo"]
[Result "1-0"]
[Termination "normal"]
[Board "1.4"]
[WhiteElo "2066"]
[BlackElo "1916"]
[WhiteClock "00:18:47"]
[BlackClock "00:41:18"]
[WhiteTeam "SG Porz"]
[BlackTeam "Lübecker SV"]
[PlyCount "107"]
[WhiteFideId "12900303"]
[BlackFideId "16208390"]
[EventCountry "GER"]
[EventRounds "7"]
[EventType "team-swiss"]
[EventDate "2018.12.26"]

1. Nf3 {[%clk 1:30:58]} c5 {[%clk 1:30:54]} 2. c4 {[%clk 1:31:24]} Nc6 {[%clk
1:31:20]} 3. g3 {[%clk 1:31:50]} e6 {[%clk 1:31:32]} 4. Bg2 {[%clk 1:31:57]}
Nf6 {[%clk 1:30:12]} 5. O-O {[%clk 1:32:14]} Be7 {[%clk 1:30:15]} 6. Nc3 {[%clk
1:31:16]} d5 {[%clk 1:28:20]} 7. cxd5 {[%clk 1:27:22]} Nxd5 {[%clk 1:25:05]} 8.
Nxd5 {[%clk 1:22:00]} exd5 {[%clk 1:23:30]} 9. d4 {[%clk 1:21:31]} b6 {[%clk
1:18:57]} 10. Be3 c4 {[%clk 1:11:43]} 11. b3 {[%clk 1:12:31]} cxb3 {[%clk
1:03:01]} 12. Qxb3 {[%clk 1:02:53]} Bb7 13. Ne5 {[%clk 0:57:34]} Nxe5 {[%clk
1:02:40]} 14. dxe5 {[%clk 0:57:59]} Qd7 {[%clk 1:00:57]} 15. Rfd1 Rd8 16. Rd2
{[%clk 0:50:52]} Bc6 {[%clk 1:00:24]} 17. Qb2 {[%clk 0:34:48]} O-O {[%clk
0:53:47]} 18. Bd4 {[%clk 0:29:53]} Qe6 {[%clk 0:46:46]} 19. h4 {[%clk 0:29:12]}
Rfe8 {[%clk 0:43:28]} 20. Rc1 {[%clk 0:26:33]} Rc8 {[%clk 0:36:48]} 21. Kh2
{[%clk 0:23:19]} Bd7 {[%clk 0:36:42]} 22. Be3 {[%clk 0:18:35]} Rxc1 {[%clk
0:33:19]} 23. Qxc1 {[%clk 0:19:00]} Bc6 {[%clk 0:31:27]} 24. Bd4 {[%clk
0:17:26]} Bb4 {[%clk 0:29:38]} 25. Rc2 {[%clk 0:15:51]} Bb5 {[%clk 0:28:41]}
26. Qb2 {[%clk 0:14:16]} Ba4 {[%clk 0:27:45]} 27. Rc7 {[%clk 0:14:16]} a5
{[%clk 0:26:32]} 28. Bh3 {[%clk 0:10:45]} Qg6 {[%clk 0:24:43]} 29. e6 {[%clk
0:10:47]} Re7 {[%clk 0:23:27]} 30. Rxe7 {[%clk 0:10:03]} Bxe7 {[%clk 0:23:51]}
31. Qxb6 {[%clk 0:10:01]} f5 {[%clk 0:22:00]} 32. Qxa5 {[%clk 0:09:20]} Bc6
{[%clk 0:21:30]} 33. Qc7 {[%clk 0:04:42]} Qxe6 {[%clk 0:21:28]} 34. Bxf5 {[%clk
0:03:53]} Qxf5 {[%clk 0:21:22]} 35. Qxc6 {[%clk 0:03:46]} Kf7 {[%clk 0:21:16]}
36. Qb7 {[%clk 0:03:11]} Ke8 {[%clk 0:20:32]} 37. Qa8+ {[%clk 0:02:40]} Kf7
{[%clk 0:20:41]} 38. Qb7 {[%clk 0:03:06]} Ke8 {[%clk 0:20:47]} 39. Qa8+ {[%clk
0:01:42]} Kf7 {[%clk 0:21:04]} 40. Qa7 {[%clk 0:01:45]} Ke8 {[%clk 0:15:52]}
41. Qb8+ {[%clk 0:00:56]} Kf7 {[%clk 0:14:20]} 42. Qe5 {[%clk 0:00:43]} Qxe5
{[%clk 0:13:40]} 43. Bxe5 {[%clk 0:01:08]} Ba3 {[%clk 0:13:51]} 44. Kg2 {[%clk
0:26:37]} g6 {[%clk 0:42:44]} 45. Kf3 {[%clk 0:25:46]} Ke6 {[%clk 0:43:02]} 46.
Bd4 {[%clk 0:26:10]} Kf5 {[%clk 0:42:53]} 47. Ke3 {[%clk 0:25:42]} h5 {[%clk
0:42:51]} 48. Kd3 Bb4 {[%clk 0:42:07]} 49. a4 {[%clk 0:25:29]} Ba5 {[%clk
0:42:28]} 50. Ke3 {[%clk 0:20:55]} Kg4 {[%clk 0:41:25]} 51. Ba7 {[%clk
0:19:56]} Kf5 {[%clk 0:41:21]} 52. Kd4 {[%clk 0:20:18]} Ke6 {[%clk 0:41:18]}
53. Kc5 {[%clk 0:19:39]} Ke5 {[%clk 0:41:18]} 54. Bb6 {[%clk 0:18:47]} 1-0

[Event "DVM U20 2018"]
[Site "Osnabrück GER"]
[Date "2018.12.29"]
[Round "6"]
[White "Tiedemann, Fin Niklas"]
[Black "Quinones-Maletti, Julio Guillermo"]
[Result "1-0"]
[Termination "normal"]
[Board "1.5"]
[WhiteElo "1902"]
[BlackElo "2029"]
[WhiteClock "00:04:55"]
[BlackClock "00:00:37"]
[WhiteTeam "Lübecker SV"]
[BlackTeam "SG Porz"]
[PlyCount "73"]
[WhiteFideId "12936936"]
[BlackFideId "1462318"]
[EventCountry "GER"]
[EventRounds "7"]
[EventType "team-swiss"]
[EventDate "2018.12.26"]

1. e4 {[%clk 1:30:58]} c5 {[%clk 1:30:52]} 2. Nc3 {[%clk 1:30:39]} a6 {[%clk
1:31:14]} 3. g3 {[%clk 1:30:41]} b5 {[%clk 1:31:37]} 4. Bg2 {[%clk 1:31:03]}
Bb7 {[%clk 1:31:57]} 5. d3 {[%clk 1:30:58]} e6 {[%clk 1:32:19]} 6. f4 {[%clk
1:31:22]} d5 {[%clk 1:32:28]} 7. Qe2 {[%clk 1:30:39]} Be7 {[%clk 1:30:43]} 8.
Nh3 {[%clk 1:28:47]} d4 {[%clk 1:24:06]} 9. e5 {[%clk 1:20:46]} Bxg2 {[%clk
1:20:00]} 10. Qxg2 {[%clk 1:21:10]} Nd7 {[%clk 1:20:17]} 11. Ne4 {[%clk
1:20:54]} Nb6 {[%clk 1:15:55]} 12. O-O {[%clk 1:20:20]} Qd7 {[%clk 0:57:10]}
13. g4 {[%clk 1:15:33]} f6 {[%clk 0:47:16]} 14. Bd2 {[%clk 0:59:46]} Nd5 {[%clk
0:40:10]} 15. Rae1 {[%clk 0:58:31]} O-O-O {[%clk 0:37:04]} 16. Kh1 {[%clk
0:38:13]} h5 {[%clk 0:32:08]} 17. exf6 gxf6 {[%clk 0:22:24]} 18. gxh5 {[%clk
0:11:07]} Rxh5 {[%clk 0:20:40]} 19. Qg4 {[%clk 0:11:31]} Rh7 {[%clk 0:15:27]}
20. Nef2 {[%clk 0:10:00]} f5 {[%clk 0:14:03]} 21. Qe2 {[%clk 0:10:15]} Ne3
{[%clk 0:12:22]} 22. Bxe3 {[%clk 0:09:54]} Qd5+ {[%clk 0:08:24]} 23. Kg1 {[%clk
0:09:29]} Rg7+ {[%clk 0:07:48]} 24. Ng5 {[%clk 0:09:53]} Bxg5 {[%clk 0:07:47]}
25. fxg5 {[%clk 0:10:13]} dxe3 {[%clk 0:04:45]} 26. Qxe3 {[%clk 0:10:37]} e5
{[%clk 0:04:25]} 27. Nh3 {[%clk 0:09:48]} e4 {[%clk 0:01:35]} 28. dxe4 {[%clk
0:08:56]} fxe4 {[%clk 0:00:51]} 29. Qxe4 {[%clk 0:09:03]} Qxe4 {[%clk 0:00:39]}
30. Rxe4 {[%clk 0:09:27]} Rd2 {[%clk 0:01:01]} 31. Rf2 {[%clk 0:09:31]} Rd1+
{[%clk 0:00:54]} 32. Kg2 {[%clk 0:06:33]} Ra1 {[%clk 0:01:08]} 33. a4 {[%clk
0:04:47]} b4 {[%clk 0:01:03]} 34. b3 {[%clk 0:05:03]} Kc7 {[%clk 0:00:46]} 35.
Re6 {[%clk 0:04:24]} Kb7 {[%clk 0:00:35]} 36. g6 {[%clk 0:04:40]} Ne7 {[%clk
0:00:37]} 37. Rf7 {[%clk 0:04:55]} 1-0

[Event "DVM U20 2018"]
[Site "Osnabrück GER"]
[Date "2018.12.29"]
[Round "6"]
[White "Niesel, Tobias"]
[Black "Nagy, Lukas"]
[Result "1-0"]
[Termination "normal"]
[Board "1.6"]
[WhiteElo "1890"]
[BlackElo "1728"]
[WhiteClock "00:01:17"]
[BlackClock "00:03:32"]
[WhiteTeam "SG Porz"]
[BlackTeam "Lübecker SV"]
[PlyCount "87"]
[WhiteFideId "12962155"]
[BlackFideId "16246098"]
[EventCountry "GER"]
[EventRounds "7"]
[EventType "team-swiss"]
[EventDate "2018.12.26"]

1. c4 {[%clk 1:30:57]} c5 {[%clk 1:30:52]} 2. g3 {[%clk 1:31:21]} Nc6 {[%clk
1:30:53]} 3. Bg2 {[%clk 1:31:43]} e6 {[%clk 1:31:13]} 4. Nf3 {[%clk 1:29:56]}
g6 {[%clk 1:31:12]} 5. d4 d5 {[%clk 1:26:27]} 6. cxd5 {[%clk 1:24:48]} exd5
{[%clk 1:25:42]} 7. O-O {[%clk 1:25:00]} Bg7 8. dxc5 {[%clk 1:22:26]} Nge7
{[%clk 1:26:22]} 9. Nc3 Bxc3 {[%clk 1:21:25]} 10. bxc3 {[%clk 1:16:59]} Qa5
{[%clk 1:08:31]} 11. Bb2 {[%clk 0:36:58]} O-O {[%clk 0:57:29]} 12. c4 Qxc5 13.
cxd5 {[%clk 0:34:08]} Qxd5 {[%clk 0:55:16]} 14. Qc1 f6 {[%clk 0:46:10]} 15. e4
{[%clk 0:27:35]} Qh5 {[%clk 0:39:26]} 16. Re1 Bh3 17. Bxh3 {[%clk 0:15:35]}
Qxh3 {[%clk 0:38:55]} 18. Qc4+ {[%clk 0:14:42]} Kg7 {[%clk 0:36:48]} 19. e5 Qf5
{[%clk 0:20:08]} 20. exf6+ {[%clk 0:12:59]} Rxf6 {[%clk 0:20:29]} 21. Bxf6+
{[%clk 0:13:13]} Qxf6 22. Qf4 {[%clk 0:08:27]} Qxf4 {[%clk 0:19:56]} 23. gxf4
{[%clk 0:08:54]} Rf8 {[%clk 0:20:16]} 24. Ng5 {[%clk 0:09:18]} Rf6 {[%clk
0:19:13]} 25. Rab1 {[%clk 0:08:32]} b6 26. Rbd1 {[%clk 0:06:26]} h6 {[%clk
0:17:27]} 27. Nh3 {[%clk 0:06:52]} Rf5 {[%clk 0:17:17]} 28. Kg2 {[%clk
0:06:25]} Ra5 {[%clk 0:17:29]} 29. Rd2 {[%clk 0:06:34]} Kf7 {[%clk 0:16:43]}
30. Ng1 {[%clk 0:05:39]} Nb4 {[%clk 0:13:30]} 31. Nf3 {[%clk 0:05:21]} Nbd5
{[%clk 0:11:52]} 32. Re4 {[%clk 0:03:23]} Nc3 {[%clk 0:10:38]} 33. Rc4 Ncd5
{[%clk 0:07:14]} 34. Ne5+ {[%clk 0:01:41]} Kf6 {[%clk 0:07:32]} 35. Nc6 {[%clk
0:01:21]} Nxc6 {[%clk 0:06:04]} 36. Rxc6+ {[%clk 0:01:48]} Kf5 {[%clk 0:06:25]}
37. Kf1 {[%clk 0:01:45]} Nxf4 {[%clk 0:06:09]} 38. Rc8 {[%clk 0:00:57]} Rb5
{[%clk 0:05:07]} 39. f3 {[%clk 0:01:01]} Rb1+ {[%clk 0:04:42]} 40. Kf2 {[%clk
0:01:21]} Rh1 {[%clk 0:02:54]} 41. Ke3 {[%clk 0:01:03]} Re1+ {[%clk 0:02:59]}
42. Kd4 {[%clk 0:01:03]} Rf1 {[%clk 0:03:16]} 43. Rf8+ {[%clk 0:01:17]} Kg5
{[%clk 0:03:32]} 44. h4+ 1-0

[Event "DVM U20 2018"]
[Site "Osnabrück GER"]
[Date "2018.12.29"]
[Round "6"]
[White "Sieber, Fiona"]
[Black "Böhning, Kilian"]
[Result "1-0"]
[Termination "normal"]
[Board "2.1"]
[WhiteTitle "WIM"]
[WhiteElo "2262"]
[BlackElo "2097"]
[WhiteClock "00:43:47"]
[BlackClock "00:08:18"]
[WhiteTeam "SG Aufbau Elbe Magdeburg"]
[BlackTeam "Hagener SV"]
[PlyCount "75"]
[WhiteFideId "12902373"]
[BlackFideId "1270499"]
[EventCountry "GER"]
[EventRounds "7"]
[EventType "team-swiss"]
[EventDate "2018.12.26"]

1. e4 {[%clk 1:30:58]} e5 {[%clk 1:29:56]} 2. Nf3 {[%clk 1:31:22]} Nc6 {[%clk
1:30:20]} 3. Bb5 {[%clk 1:31:47]} a6 {[%clk 1:29:58]} 4. Ba4 {[%clk 1:32:12]}
Nf6 {[%clk 1:30:22]} 5. O-O {[%clk 1:32:36]} Be7 {[%clk 1:30:07]} 6. Re1 {[%clk
1:32:55]} b5 {[%clk 1:30:04]} 7. Bb3 {[%clk 1:33:20]} O-O {[%clk 1:28:38]} 8.
c3 {[%clk 1:33:44]} d6 {[%clk 1:28:43]} 9. h3 {[%clk 1:34:09]} Na5 {[%clk
1:28:07]} 10. Bc2 {[%clk 1:34:32]} c5 {[%clk 1:28:29]} 11. d4 {[%clk 1:34:46]}
Nc6 {[%clk 1:28:06]} 12. d5 {[%clk 1:34:57]} Nb8 {[%clk 1:28:05]} 13. a4 {[%clk
1:33:27]} b4 {[%clk 1:25:13]} 14. a5 {[%clk 1:31:57]} Nbd7 {[%clk 1:24:09]} 15.
Nbd2 {[%clk 1:30:03]} Rb8 {[%clk 1:21:37]} 16. Nc4 {[%clk 1:28:57]} Re8 {[%clk
1:19:00]} 17. Qe2 {[%clk 1:27:15]} h6 {[%clk 1:13:04]} 18. Bd2 {[%clk 1:20:15]}
Bf8 {[%clk 1:07:25]} 19. Ra4 {[%clk 1:14:26]} bxc3 {[%clk 1:04:29]} 20. bxc3
{[%clk 1:14:42]} Nh5 {[%clk 0:58:23]} 21. g3 {[%clk 1:09:13]} Ndf6 {[%clk
0:55:47]} 22. Kh2 Qd7 {[%clk 0:48:56]} 23. Ng1 {[%clk 1:04:45]} Rb5 {[%clk
0:39:59]} 24. Nb6 {[%clk 1:04:13]} Qc7 {[%clk 0:36:54]} 25. c4 {[%clk 1:03:25]}
Rb2 {[%clk 0:35:58]} 26. Bc3 {[%clk 1:03:28]} Rxc2 {[%clk 0:36:26]} 27. Qxc2
{[%clk 1:04:16]} Bb7 {[%clk 0:36:25]} 28. Raa1 {[%clk 1:03:18]} g5 {[%clk
0:32:10]} 29. Rf1 {[%clk 0:58:28]} Bg7 {[%clk 0:31:23]} 30. Nf3 {[%clk
0:58:37]} Qe7 {[%clk 0:31:28]} 31. Ne1 {[%clk 0:58:32]} Nd7 {[%clk 0:20:57]}
32. Rb1 {[%clk 0:54:58]} Nxb6 {[%clk 0:20:32]} 33. Rxb6 {[%clk 0:55:22]} Bc8
{[%clk 0:20:41]} 34. f3 {[%clk 0:48:05]} Qf6 {[%clk 0:13:08]} 35. Qg2 {[%clk
0:46:16]} Bf8 {[%clk 0:12:36]} 36. f4 {[%clk 0:44:30]} Qg7 {[%clk 0:08:04]} 37.
fxe5 {[%clk 0:44:05]} dxe5 {[%clk 0:08:18]} 38. Nd3 {[%clk 0:43:47]} 1-0

[Event "DVM U20 2018"]
[Site "Osnabrück GER"]
[Date "2018.12.29"]
[Round "6"]
[White "Balazs, Balint"]
[Black "Roseneck, Jonas"]
[Result "0-1"]
[Termination "normal"]
[Board "2.2"]
[WhiteElo "2105"]
[BlackElo "2246"]
[WhiteClock "00:01:31"]
[BlackClock "00:38:16"]
[WhiteTeam "Hagener SV"]
[BlackTeam "SG Aufbau Elbe Magdeburg"]
[PlyCount "74"]
[WhiteFideId "12922757"]
[BlackFideId "12939870"]
[EventCountry "GER"]
[EventRounds "7"]
[EventType "team-swiss"]
[EventDate "2018.12.26"]

1. d4 {[%clk 1:30:57]} d5 {[%clk 1:30:56]} 2. Nf3 {[%clk 1:30:43]} Nf6 {[%clk
1:31:21]} 3. Bf4 {[%clk 1:30:32]} c5 {[%clk 1:31:46]} 4. c3 Nc6 {[%clk
1:30:36]} 5. e3 {[%clk 1:29:56]} Qb6 {[%clk 1:31:03]} 6. Qb3 {[%clk 1:29:24]}
c4 {[%clk 1:31:28]} 7. Qxb6 {[%clk 1:28:57]} axb6 {[%clk 1:31:57]} 8. Nbd2
{[%clk 1:24:08]} b5 {[%clk 1:31:41]} 9. Be2 {[%clk 1:19:44]} b4 {[%clk
1:29:57]} 10. O-O {[%clk 1:08:44]} Bf5 {[%clk 1:25:31]} 11. Nh4 {[%clk
0:59:57]} Be6 {[%clk 1:24:27]} 12. h3 {[%clk 0:50:18]} h6 {[%clk 1:19:16]} 13.
Bh2 {[%clk 0:44:14]} Ne4 {[%clk 1:13:30]} 14. Nxe4 {[%clk 0:39:13]} dxe4 {[%clk
1:13:53]} 15. f3 {[%clk 0:38:59]} bxc3 {[%clk 0:56:51]} 16. bxc3 {[%clk
0:39:03]} g5 {[%clk 0:56:18]} 17. fxe4 {[%clk 0:39:25]} gxh4 {[%clk 0:56:44]}
18. d5 {[%clk 0:39:46]} Bd7 {[%clk 0:57:11]} 19. dxc6 {[%clk 0:40:07]} Bxc6
{[%clk 0:57:40]} 20. Bxc4 {[%clk 0:40:15]} e6 {[%clk 0:58:08]} 21. Be5 {[%clk
0:33:06]} Rg8 {[%clk 0:58:23]} 22. Rf4 {[%clk 0:33:07]} Ra5 {[%clk 0:50:26]}
23. Bd4 {[%clk 0:31:39]} Rag5 {[%clk 0:49:57]} 24. g4 {[%clk 0:24:59]} hxg3
{[%clk 0:49:16]} 25. Raf1 {[%clk 0:14:32]} g2 {[%clk 0:44:07]} 26. R1f2 {[%clk
0:13:06]} Bd6 {[%clk 0:44:34]} 27. Rg4 {[%clk 0:12:11]} Rxg4 {[%clk 0:44:16]}
28. hxg4 {[%clk 0:12:33]} Bxe4 {[%clk 0:44:42]} 29. Bb5+ {[%clk 0:06:44]} Kf8
{[%clk 0:44:03]} 30. Be2 {[%clk 0:07:06]} h5 {[%clk 0:44:20]} 31. Rxg2 {[%clk
0:07:30]} Bxg2 {[%clk 0:44:43]} 32. Kxg2 {[%clk 0:07:57]} hxg4 {[%clk 0:44:49]}
33. e4 {[%clk 0:08:22]} f5 {[%clk 0:37:10]} 34. e5 {[%clk 0:05:45]} Ba3 {[%clk
0:37:14]} 35. Be3 {[%clk 0:04:03]} Kf7 {[%clk 0:37:29]} 36. Kg3 {[%clk
0:01:52]} Bb2 {[%clk 0:37:51]} 37. Bd4 {[%clk 0:01:31]} Rc8 {[%clk 0:38:16]}
0-1

[Event "DVM U20 2018"]
[Site "Osnabrück GER"]
[Date "2018.12.29"]
[Round "6"]
[White "Biastoch, Bennet"]
[Black "Bach, Jannik"]
[Result "1-0"]
[Termination "normal"]
[Board "2.3"]
[WhiteElo "2194"]
[BlackElo "2034"]
[WhiteClock "00:04:41"]
[BlackClock "00:00:49"]
[WhiteTeam "SG Aufbau Elbe Magdeburg"]
[BlackTeam "Hagener SV"]
[PlyCount "81"]
[WhiteFideId "12939889"]
[BlackFideId "24615900"]
[EventCountry "GER"]
[EventRounds "7"]
[EventType "team-swiss"]
[EventDate "2018.12.26"]

1. e4 {[%clk 1:30:57]} c6 {[%clk 1:30:44]} 2. d4 {[%clk 1:31:16]} d5 3. Nd2
{[%clk 1:31:38]} dxe4 {[%clk 1:31:33]} 4. Nxe4 {[%clk 1:31:59]} Bf5 5. Ng3
{[%clk 1:32:19]} Bg6 {[%clk 1:32:26]} 6. h4 {[%clk 1:32:29]} h6 {[%clk
1:32:51]} 7. Nf3 {[%clk 1:32:32]} Nd7 {[%clk 1:33:15]} 8. h5 {[%clk 1:32:46]}
Bh7 {[%clk 1:33:43]} 9. Bd3 {[%clk 1:32:40]} Bxd3 {[%clk 1:34:07]} 10. Qxd3
{[%clk 1:33:05]} e6 {[%clk 1:34:27]} 11. Bd2 {[%clk 1:33:22]} Ngf6 {[%clk
1:34:34]} 12. O-O-O {[%clk 1:33:23]} Be7 13. Ne4 {[%clk 1:32:55]} Nxe4 {[%clk
1:33:56]} 14. Qxe4 {[%clk 1:33:18]} Nf6 {[%clk 1:30:16]} 15. Qe2 {[%clk
1:33:33]} Qd5 {[%clk 1:29:17]} 16. Kb1 {[%clk 1:20:31]} Qb5 {[%clk 1:23:45]}
17. c4 {[%clk 1:20:17]} Qf5+ {[%clk 1:03:41]} 18. Ka1 {[%clk 1:03:17]} Rd8 19.
Rdg1 Qe4 {[%clk 0:32:03]} 20. Be3 {[%clk 1:01:45]} Ng4 {[%clk 0:30:48]} 21. Nd2
{[%clk 0:42:24]} Qf5 22. Rh3 c5 {[%clk 0:03:57]} 23. d5 {[%clk 0:35:59]} Nxe3
{[%clk 0:03:16]} 24. Rxe3 {[%clk 0:35:31]} Bf6 {[%clk 0:02:17]} 25. Nb3 {[%clk
0:33:19]} O-O {[%clk 0:01:56]} 26. g4 {[%clk 0:31:32]} Qf4 27. Re4 {[%clk
0:27:27]} Qc7 {[%clk 0:00:52]} 28. dxe6 {[%clk 0:25:56]} fxe6 {[%clk 0:01:12]}
29. f4 a5 {[%clk 0:00:40]} 30. g5 {[%clk 0:22:37]} hxg5 {[%clk 0:01:03]} 31.
fxg5 {[%clk 0:22:56]} Bd4 {[%clk 0:00:44]} 32. Nxd4 {[%clk 0:19:14]} cxd4
{[%clk 0:01:08]} 33. Rd1 {[%clk 0:18:41]} d3 {[%clk 0:00:40]} 34. Rxd3 {[%clk
0:17:24]} Rxd3 {[%clk 0:00:33]} 35. Qxd3 {[%clk 0:17:52]} Qh2 36. a3 {[%clk
0:05:57]} Qh1+ {[%clk 0:00:45]} 37. Ka2 {[%clk 0:06:05]} Rf1 {[%clk 0:00:47]}
38. Rxe6 {[%clk 0:04:47]} Ra1+ {[%clk 0:00:40]} 39. Kb3 {[%clk 0:05:14]} Qxh5
{[%clk 0:00:37]} 40. g6 {[%clk 0:04:41]} a4+ {[%clk 0:00:49]} 41. Kb4 1-0

[Event "DVM U20 2018"]
[Site "Osnabrück GER"]
[Date "2018.12.29"]
[Round "6"]
[White "Hoffmann, Lennard"]
[Black "Laubrock, Paul"]
[Result "1/2-1/2"]
[Termination "normal"]
[Board "2.5"]
[WhiteElo "1995"]
[BlackElo "1968"]
[WhiteClock "00:00:38"]
[BlackClock "00:07:44"]
[WhiteTeam "SG Aufbau Elbe Magdeburg"]
[BlackTeam "Hagener SV"]
[PlyCount "75"]
[WhiteFideId "12943495"]
[BlackFideId "1270509"]
[EventCountry "GER"]
[EventRounds "7"]
[EventType "team-swiss"]
[EventDate "2018.12.26"]

1. e4 {[%clk 1:30:58]} d5 {[%clk 1:29:59]} 2. exd5 {[%clk 1:31:22]} Qxd5 {[%clk
1:30:26]} 3. Nc3 {[%clk 1:31:19]} Qa5 {[%clk 1:30:52]} 4. d4 {[%clk 1:31:29]}
Nf6 {[%clk 1:31:17]} 5. Nf3 {[%clk 1:31:39]} Nc6 {[%clk 1:27:37]} 6. Bd2 {[%clk
1:24:15]} a6 {[%clk 1:25:53]} 7. Bc4 {[%clk 1:20:48]} Qh5 8. Ne5 {[%clk
1:02:08]} Nxe5 {[%clk 1:14:59]} 9. Qxh5 {[%clk 1:02:24]} Nd3+ {[%clk 1:12:59]}
10. Bxd3 {[%clk 1:02:38]} Nxh5 {[%clk 1:13:25]} 11. O-O-O {[%clk 0:59:32]} Bd7
{[%clk 1:10:37]} 12. Nd5 O-O-O 13. Rhe1 {[%clk 0:41:09]} e6 {[%clk 1:02:15]}
14. Re5 {[%clk 0:35:10]} Nf6 {[%clk 0:53:05]} 15. Nxf6 {[%clk 0:35:09]} gxf6
{[%clk 0:53:28]} 16. Rh5 {[%clk 0:31:16]} h6 {[%clk 0:52:45]} 17. Be4 {[%clk
0:23:29]} e5 {[%clk 0:44:20]} 18. dxe5 {[%clk 0:22:48]} Re8 {[%clk 0:44:08]}
19. Bc3 {[%clk 0:22:11]} fxe5 {[%clk 0:38:08]} 20. Bxe5 {[%clk 0:21:35]} Rg8
{[%clk 0:38:02]} 21. Bf3 {[%clk 0:12:16]} Bg4 {[%clk 0:25:46]} 22. Bxg4+ {[%clk
0:12:36]} Rxg4 {[%clk 0:26:10]} 23. Bg3 {[%clk 0:09:05]} Re2 {[%clk 0:25:07]}
24. Rf5 {[%clk 0:08:27]} Rg7 {[%clk 0:25:16]} 25. Rf6 {[%clk 0:05:53]} Be7
{[%clk 0:23:06]} 26. Rf3 {[%clk 0:04:44]} h5 {[%clk 0:18:13]} 27. h4 {[%clk
0:04:21]} Re4 {[%clk 0:16:48]} 28. Rf5 {[%clk 0:04:32]} Rh7 {[%clk 0:16:53]}
29. f3 Re6 {[%clk 0:14:29]} 30. Rdd5 {[%clk 0:02:13]} Rg6 {[%clk 0:12:03]} 31.
Be1 {[%clk 0:01:50]} Rxg2 {[%clk 0:11:45]} 32. Rxh5 {[%clk 0:02:12]} Rxh5
{[%clk 0:12:00]} 33. Rxh5 {[%clk 0:02:35]} Kd7 34. Rh7 {[%clk 0:00:58]} Ke6
{[%clk 0:10:36]} 35. Kd1 {[%clk 0:00:50]} Bf6 {[%clk 0:09:11]} 36. Kc1 {[%clk
0:00:41]} Rg1 {[%clk 0:07:27]} 37. Kd2 {[%clk 0:01:03]} Bxb2 {[%clk 0:07:44]}
38. Ke2 {[%clk 0:00:38]} 1/2-1/2

[Event "DVM U20 2018"]
[Site "Osnabrück GER"]
[Date "2018.12.29"]
[Round "6"]
[White "Glaser, Maximilian"]
[Black "von Angern, Cedric"]
[Result "1/2-1/2"]
[Termination "normal"]
[Board "2.6"]
[WhiteElo "1794"]
[BlackElo "1760"]
[WhiteClock "00:06:06"]
[BlackClock "00:28:33"]
[WhiteTeam "Hagener SV"]
[BlackTeam "SG Aufbau Elbe Magdeburg"]
[PlyCount "84"]
[WhiteFideId "12956961"]
[BlackFideId "12921106"]
[EventCountry "GER"]
[EventRounds "7"]
[EventType "team-swiss"]
[EventDate "2018.12.26"]

1. d4 Nf6 2. e3 d5 3. f4 e6 4. Bd3 c5 5. c3 Nc6 6. Nf3 a6 7. Ne5 Qc7 8. O-O b5
{[%clk 1:12:54]} 9. Nd2 {[%clk 1:22:48]} Bb7 {[%clk 1:04:57]} 10. g4 {[%clk
1:10:02]} b4 {[%clk 1:02:54]} 11. g5 {[%clk 0:58:55]} Nd7 {[%clk 0:57:51]} 12.
Ndf3 {[%clk 0:54:43]} g6 {[%clk 0:51:02]} 13. Nxd7 {[%clk 0:53:23]} Qxd7 {[%clk
0:49:56]} 14. Ne5 {[%clk 0:47:32]} Nxe5 {[%clk 0:47:49]} 15. fxe5 {[%clk
0:47:50]} bxc3 {[%clk 0:44:46]} 16. bxc3 {[%clk 0:48:05]} Be7 {[%clk 0:44:30]}
17. h4 {[%clk 0:47:15]} Bc6 {[%clk 0:36:26]} 18. Qf3 {[%clk 0:46:02]} Rf8
{[%clk 0:35:13]} 19. Rb1 {[%clk 0:40:01]} c4 {[%clk 0:30:53]} 20. Bc2 {[%clk
0:38:28]} Ba4 {[%clk 0:29:02]} 21. Qf2 {[%clk 0:38:09]} Bb5 {[%clk 0:21:57]}
22. Qg2 {[%clk 0:34:01]} Kd8 {[%clk 0:17:57]} 23. e4 {[%clk 0:31:31]} Bc6
{[%clk 0:17:34]} 24. exd5 {[%clk 0:30:49]} Bxd5 {[%clk 0:16:34]} 25. Be4 {[%clk
0:31:09]} Kc7 {[%clk 0:16:03]} 26. Bf4 {[%clk 0:29:16]} Kc6 {[%clk 0:13:02]}
27. Qc2 {[%clk 0:24:58]} Bxe4 {[%clk 0:12:29]} 28. Qxe4+ {[%clk 0:24:36]} Qd5
{[%clk 0:12:44]} 29. Qc2 {[%clk 0:24:26]} Kc7 30. Qa4 {[%clk 0:23:37]} a5
{[%clk 0:10:12]} 31. Rb5 {[%clk 0:21:33]} Qc6 {[%clk 0:09:22]} 32. Rfb1 {[%clk
0:18:18]} Rfb8 {[%clk 0:05:14]} 33. d5 {[%clk 0:18:26]} Bc5+ {[%clk 0:04:47]}
34. Kh2 {[%clk 0:18:20]} Qxd5 {[%clk 0:04:24]} 35. Rxb8 {[%clk 0:14:33]} Rxb8
{[%clk 0:04:10]} 36. Qxa5+ {[%clk 0:12:30]} Kc8 {[%clk 0:03:57]} 37. Rxb8+
{[%clk 0:10:16]} Kxb8 {[%clk 0:04:15]} 38. Qb5+ {[%clk 0:10:03]} Kc7 {[%clk
0:03:48]} 39. a4 {[%clk 0:09:14]} Qc6 {[%clk 0:03:34]} 40. Qb1 {[%clk 0:06:03]}
Qxa4 {[%clk 0:03:19]} 41. Bd2 {[%clk 0:05:47]} Qb3 {[%clk 0:02:28]} 42. Qf1
{[%clk 0:06:06]} Qc2 {[%clk 0:28:33]} 1/2-1/2

[Event "DVM U20 2018"]
[Site "Osnabrück GER"]
[Date "2018.12.29"]
[Round "6"]
[White "Pluska, Alexander"]
[Black "Knudsen, Simon"]
[Result "1-0"]
[Termination "normal"]
[Board "3.1"]
[WhiteElo "2224"]
[BlackElo "2206"]
[WhiteClock "00:32:51"]
[BlackClock "00:52:08"]
[WhiteTeam "SK Doppelbauer Kiel"]
[BlackTeam "SF Brackel"]
[PlyCount "41"]
[WhiteFideId "12975141"]
[BlackFideId "12985546"]
[EventCountry "GER"]
[EventRounds "7"]
[EventType "team-swiss"]
[EventDate "2018.12.26"]

1. Nf3 {[%clk 1:30:58]} d5 {[%clk 1:30:53]} 2. c4 {[%clk 1:31:19]} e6 {[%clk
1:31:16]} 3. b3 {[%clk 1:31:04]} Nf6 {[%clk 1:31:21]} 4. Bb2 Be7 {[%clk
1:28:01]} 5. e3 {[%clk 1:31:51]} O-O {[%clk 1:28:22]} 6. Nc3 {[%clk 1:30:36]}
Nbd7 {[%clk 1:27:47]} 7. Qc2 {[%clk 1:15:36]} Re8 {[%clk 1:28:02]} 8. Be2
{[%clk 1:15:38]} c6 {[%clk 1:28:24]} 9. Rg1 Nf8 {[%clk 1:14:18]} 10. g4 {[%clk
1:13:43]} Bd6 {[%clk 1:12:58]} 11. g5 {[%clk 1:13:52]} N6d7 {[%clk 1:13:20]}
12. h4 b6 {[%clk 1:06:54]} 13. h5 {[%clk 0:53:23]} Bb7 14. Nh4 {[%clk 0:45:31]}
Rc8 {[%clk 1:01:02]} 15. O-O-O {[%clk 0:45:23]} Bb8 16. Kb1 {[%clk 0:43:04]} c5
{[%clk 0:58:21]} 17. f4 {[%clk 0:38:49]} a6 {[%clk 0:54:05]} 18. Bf3 b5 {[%clk
0:51:36]} 19. cxd5 {[%clk 0:34:25]} exd5 {[%clk 0:51:56]} 20. Bxd5 {[%clk
0:33:56]} Qb6 {[%clk 0:52:08]} 21. g6 {[%clk 0:32:51]} 1-0